00625nam a2200217Ia 4500003000400000005001700004006001800021007000300039008004100042037001700083040001800100041001300118082002600131110006900157245001600226260004900242300001700291490001800308650001200326700006900338OSt20220926022536.0a|||||r|||| 00| 0ta220923b |||||||| |||| 00| 0 eng d cGeneral Book aRTLcRTLbeng 2engaeng aV1N45,933:8.N75, L5,7 aUnited Nations. General Assembly, Official Records. 30th Session 0aSupplements aNew YorkbUnited Nations U. S. A. c1975 av, 21p.ccm. vSupplement 7G aHistory aUnited Nations. General Assembly, Official Records. 30th Session